Possible Worlds and other essays (Record no. 193961)
[ view plain ]
| 000 -LEADER | |
|---|---|
| fixed length control field | 00896 a2200157 4500 |
| 003 - CONTROL NUMBER IDENTIFIER | |
| control field | Nust |
| 005 - DATE AND TIME OF LATEST TRANSACTION | |
| control field | 20230526104818.0 |
| 040 ## - CATALOGING SOURCE | |
| Transcribing agency | Nust |
| 082 ## - DEWEY DECIMAL CLASSIFICATION NUMBER | |
| Classification number | 808.4,HAL |
| 100 ## - MAIN ENTRY--PERSONAL NAME | |
| Personal name | J.B.S. Haldane, |
| 9 (RLIN) | 100427 |
| 245 ## - TITLE STATEMENT | |
| Title | Possible Worlds and other essays |
| Statement of responsibility, etc. | J.B.S Haldane |
| Remainder of title | and other essays |
| 260 ## - PUBLICATION, DISTRIBUTION, ETC. | |
| Place of publication, distribution, etc. | london |
| Name of publisher, distributor, etc. | Chatto and Windus |
| Date of publication, distribution, etc. | 1945 |
| 300 ## - PHYSICAL DESCRIPTION | |
| Extent | vii,312p; |
| 505 ## - FORMATTED CONTENTS NOTE | |
| Formatted contents note | On Scales (Page-1), Some Dates (Page-7), On Being the Right Size (Page-18), Enzymes (Page-45), Vitamin (Page-51), Man as a sea Beast (Page-57), Immunity (Page-82), Food Poisoning (Page-99), What Use is Astronomy ? (Page-120), William Bateson (Page-135), The Future of Biology (Page-139), Nationality and Research (Page-154), Scientific Research for Amateurs (Page-162), Science and Politics (Page-182), When I an Dead (Page-204), Meroz (Page-241), Possible Worlds (Page-260), The Last Judgment (Page-287). |
| 942 ## - ADDED ENTRY ELEMENTS (KOHA) | |
| Source of classification or shelving scheme | |
| Koha item type | Book |
| Withdrawn status | Lost status | Source of classification or shelving scheme | Damaged status | Not for loan | Permanent Location | Current Location | Shelving location | Date acquired | Full call number | Barcode | Date last seen | Price effective from | Koha item type | Public note |
|---|---|---|---|---|---|---|---|---|---|---|---|---|---|---|
| Military College of Signals (MCS) | Military College of Signals (MCS) | General Stacks | 12/12/2016 | 808.4,HAL | MCS29590 | 12/08/2016 | 12/12/2016 | Book | Almirah No.56, Shelf No.2 |
